<?xml version="1.0" encoding="UTF-8"?>
<record
    xmlns:xsi="http://www.w3.org/2001/XMLSchema-instance"
    xsi:schemaLocation="http://www.loc.gov/MARC21/slim http://www.loc.gov/standards/marcxml/schema/MARC21slim.xsd"
    xmlns="http://www.loc.gov/MARC21/slim">

  <leader>00945nam a2200241 a 4500</leader>
  <controlfield tag="001">BRCA_6296</controlfield>
  <controlfield tag="005">20190320205413.0</controlfield>
  <controlfield tag="008">040811s1812----sp-#######---#000-0#spa-#</controlfield>
  <datafield tag="041" ind1=" " ind2=" ">
    <subfield code="a">spa</subfield>
  </datafield>
  <datafield tag="044" ind1=" " ind2=" ">
    <subfield code="a">sp</subfield>
  </datafield>
  <datafield tag="050" ind1=" " ind2="4">
    <subfield code="a">F1231.I8</subfield>
    <subfield code="b">.L67 1812</subfield>
  </datafield>
  <datafield tag="100" ind1="1" ind2=" ">
    <subfield code="a">Lopez Cancelada, Juan</subfield>
    <subfield code="9">15790</subfield>
  </datafield>
  <datafield tag="245" ind1="1" ind2="0">
    <subfield code="a">Conducta del excelentisimo se&#xF1;or don Jose Iturrigaray durante su gobierno en Nueva Espa&#xF1;a</subfield>
    <subfield code="b">se contesta a la vindicaci&#xF3;n que public&#xF3; don Facundo Lizarza. Cuaderno tercero y segundo en la materia</subfield>
    <subfield code="c">por Juan Lopez Cancelada.</subfield>
  </datafield>
  <datafield tag="260" ind1=" " ind2=" ">
    <subfield code="a">C&#xE1;diz</subfield>
    <subfield code="b">Imprenta del Estado-mayor-general</subfield>
    <subfield code="c">1812</subfield>
  </datafield>
  <datafield tag="300" ind1=" " ind2=" ">
    <subfield code="a">135 p.</subfield>
    <subfield code="c">21 cm.</subfield>
  </datafield>
  <datafield tag="500" ind1=" " ind2=" ">
    <subfield code="a">Estado f&#xED;sico: encuadernaci&#xF3;n deteriorada. El libro se encuentra en un sobre</subfield>
  </datafield>
  <datafield tag="500" ind1=" " ind2=" ">
    <subfield code="a">C43</subfield>
  </datafield>
  <datafield tag="600" ind1="1" ind2="4">
    <subfield code="a">Iturrigaray y Ar&#xF3;stegui, Jos&#xE9; de</subfield>
    <subfield code="d">1742-1815</subfield>
    <subfield code="9">8149</subfield>
  </datafield>
  <datafield tag="600" ind1="1" ind2="4">
    <subfield code="a">Lizarza, Facundo de</subfield>
    <subfield code="9">15791</subfield>
  </datafield>
  <datafield tag="651" ind1=" " ind2="4">
    <subfield code="a">M&#xE9;xico</subfield>
    <subfield code="x">Pol&#xED;tica y gobierno</subfield>
    <subfield code="y">1810-1821</subfield>
    <subfield code="9">1016</subfield>
  </datafield>
  <datafield tag="902" ind1=" " ind2=" ">
    <subfield code="a">GFM</subfield>
  </datafield>
  <datafield tag="942" ind1=" " ind2=" ">
    <subfield code="2">lcc</subfield>
    <subfield code="c">B</subfield>
  </datafield>
  <datafield tag="999" ind1=" " ind2=" ">
    <subfield code="c">5982</subfield>
    <subfield code="d">5982</subfield>
  </datafield>
  <datafield tag="952" ind1=" " ind2=" ">
    <subfield code="0">0</subfield>
    <subfield code="1">0</subfield>
    <subfield code="4">0</subfield>
    <subfield code="7">0</subfield>
    <subfield code="a">BRCA</subfield>
    <subfield code="b">BRCA</subfield>
    <subfield code="d">2011-08-04</subfield>
    <subfield code="i">C43</subfield>
    <subfield code="l">0</subfield>
    <subfield code="o">F1231.I8 .L67 1812 (C43)</subfield>
    <subfield code="p">6735</subfield>
    <subfield code="r">2019-03-22 00:00:00</subfield>
    <subfield code="w">2019-03-22</subfield>
    <subfield code="y">B</subfield>
  </datafield>
</record>
